<?xml version="1.0" encoding="UTF-8"?>
<collection xmlns="http://www.loc.gov/MARC21/slim">
 <record>
  <leader>01416aam a22002298a 4500</leader>
  <controlfield tag="001">NCT_963</controlfield>
  <controlfield tag="008">090826s2009                  ||||||viesd</controlfield>
  <datafield tag="999" ind1=" " ind2=" ">
   <subfield code="c">48</subfield>
   <subfield code="d">48</subfield>
  </datafield>
  <datafield tag="020" ind1=" " ind2=" ">
   <subfield code="c">183000</subfield>
  </datafield>
  <datafield tag="082" ind1="0" ind2="4">
   <subfield code="2">23rd ed.</subfield>
   <subfield code="a">541</subfield>
   <subfield code="b">H103</subfield>
  </datafield>
  <datafield tag="100" ind1="1" ind2=" ">
   <subfield code="a">Trần Hiệp Hải</subfield>
  </datafield>
  <datafield tag="245" ind1="1" ind2="0">
   <subfield code="a">Phản ứng điện hoá và ứng dụng</subfield>
   <subfield code="c">Trần Hiệp Hải</subfield>
  </datafield>
  <datafield tag="250" ind1=" " ind2=" ">
   <subfield code="a">Tái bản lần thứ 3</subfield>
  </datafield>
  <datafield tag="260" ind1=" " ind2=" ">
   <subfield code="a">H.</subfield>
   <subfield code="b">Giáo dục</subfield>
   <subfield code="c">2009</subfield>
  </datafield>
  <datafield tag="300" ind1=" " ind2=" ">
   <subfield code="a">183tr.</subfield>
   <subfield code="b">hình vẽ, bảng</subfield>
   <subfield code="c">27cm</subfield>
  </datafield>
  <datafield tag="520" ind1="3" ind2=" ">
   <subfield code="a">Nội dung tài liệu giới thiệu cơ sở nhiệt động lực của ôxi hoá - khử điện hoá và một số ứng dụng của nhiệt động lực học điện hoá, động học các phản ứng điện hoá, một số lĩnh vực ứng dụng của động học điện hoá</subfield>
  </datafield>
  <datafield tag="655" ind1=" " ind2="7">
   <subfield code="a">Giáo trình</subfield>
  </datafield>
  <datafield tag="942" ind1=" " ind2=" ">
   <subfield code="2">ddc</subfield>
   <subfield code="c">BK</subfield>
  </datafield>
  <datafield tag="952" ind1=" " ind2=" ">
   <subfield code="0">0</subfield>
   <subfield code="1">0</subfield>
   <subfield code="2">ddc</subfield>
   <subfield code="4">0</subfield>
   <subfield code="6">541_000000000000000_H103</subfield>
   <subfield code="7">0</subfield>
   <subfield code="9">160</subfield>
   <subfield code="a">000001</subfield>
   <subfield code="b">000001</subfield>
   <subfield code="d">2017-09-30</subfield>
   <subfield code="l">1</subfield>
   <subfield code="o">541 H103</subfield>
   <subfield code="p">MD.00168</subfield>
   <subfield code="r">2017-10-03</subfield>
   <subfield code="s">2017-10-03</subfield>
   <subfield code="v">28000.00</subfield>
   <subfield code="w">2017-09-30</subfield>
   <subfield code="y">BK</subfield>
  </datafield>
  <datafield tag="952" ind1=" " ind2=" ">
   <subfield code="0">0</subfield>
   <subfield code="1">0</subfield>
   <subfield code="2">ddc</subfield>
   <subfield code="4">0</subfield>
   <subfield code="6">541_000000000000000_H103</subfield>
   <subfield code="7">0</subfield>
   <subfield code="9">161</subfield>
   <subfield code="a">000001</subfield>
   <subfield code="b">000001</subfield>
   <subfield code="d">2017-09-30</subfield>
   <subfield code="o">541 H103</subfield>
   <subfield code="p">MD.00167</subfield>
   <subfield code="r">2017-09-30</subfield>
   <subfield code="v">28000.00</subfield>
   <subfield code="w">2017-09-30</subfield>
   <subfield code="y">BK</subfield>
  </datafield>
  <datafield tag="952" ind1=" " ind2=" ">
   <subfield code="0">0</subfield>
   <subfield code="1">0</subfield>
   <subfield code="2">ddc</subfield>
   <subfield code="4">0</subfield>
   <subfield code="6">541_000000000000000_H103</subfield>
   <subfield code="7">0</subfield>
   <subfield code="9">162</subfield>
   <subfield code="a">000001</subfield>
   <subfield code="b">000001</subfield>
   <subfield code="d">2017-09-30</subfield>
   <subfield code="o">541 H103</subfield>
   <subfield code="p">MD.00166</subfield>
   <subfield code="r">2017-09-30</subfield>
   <subfield code="v">28000.00</subfield>
   <subfield code="w">2017-09-30</subfield>
   <subfield code="y">BK</subfield>
  </datafield>
  <datafield tag="980" ind1=" " ind2=" ">
   <subfield code="a">Thư viện Trường Đại học Nam Cần Thơ</subfield>
  </datafield>
 </record>
</collection>
